Beethoven 1.

Uložené v:
Podrobná bibliografia
Hlavný autor: Rolland, Romain, 1866-1944 (Author)
Médium: Kniha
Jazyk:Czech
Vydané: 1966
Tagy: Pridať tag
Žiadne tagy, Buďte prvý kto otaguje tento záznam!

MARC

LEADER 00000nam a2200000 a 4500
001 000099430
005 00000000000000.0
008 040101s1966 e czeo
041 0 |a cze 
100 1 |a Rolland, Romain,  |d 1866-1944  |4 aut 
245 1 0 |a Beethoven 1. 
260 |c 1966 
500 |a Záznam neprešiel kontrolou 
910 |a svkkk 
998 |a BK 
090 |g SCKHL  |k Sklad Pribinova 2. posch.  |a II.151926  |j 380672  |i 2720206727  |s Absenčne